|
|
|
|
| LEADER |
03362nam a2200445 a 4500 |
| 001 |
GR-Antirio946 |
| 008 |
140408s2011 gr g b 001 0 gre d |
| 020 |
|
|
|a 9789607182821
|
| 040 |
|
|
|a GrPaTEI
|b gre
|c GR-PaULI
|
| 040 |
|
|
|a GrPaTEI
|b gre
|c GR-PaULI
|
| 082 |
|
0 |
|a 621.382
|2 22
|
| 100 |
1 |
|
|a Andrews, Jeffrey G.
|
| 245 |
1 |
0 |
|a Βασικές αρχές του Wimax :
|b ευρυζωνικά ασύρματα δίκτυα /
|c Jeffrey G. Andrews, Arunabha Ghosh, Rias Muhamed ; μετάφραση: Αγαμέμνων Μήλιος ; επιστημονική επιμέλεια: Αποστολάρας Απόστολος, Θεοδωσίου Παναγιώτης.
|
| 260 |
|
|
|a Αθήνα :
|b Παπασωτηρίου,
|c 2011
|
| 300 |
|
|
|a xxiii, 449 σ.
|a εικ., πίν.σχ.
|
| 500 |
|
|
|a Σύστημα "ΕΥΔΟΞΟΣ": αρ. εισ. 9228, 9462, 9549, 9680
|
| 500 |
|
|
|a Τίτλος πρωτοτύπου: Fundamentals of WiMAX
|
| 500 |
|
|
|a Τμήμα Μηχανικών Πληροφορικής Τ.Ε. (Αντίρριο)
|
| 504 |
|
|
|a Περιλαμβάνει βιβλιογραφία και ευρετήριο.
|
| 610 |
|
4 |
|a Σύστημα ΕΥΔΟΞΟΣ
|
| 610 |
2 |
4 |
|a Τμήμα Μηχανικών Πληροφορικής Τ.Ε. (Αντίρριο)
|
| 650 |
|
4 |
|a Συστήματα ασύρματης επικοινωνίας
|
| 650 |
|
4 |
|a Συστήματα επικοινωνιών ευρείας ζώνης
|
| 700 |
1 |
|
|a Ghosh, Arunabha
|
| 700 |
1 |
|
|a Muhamed, Rias
|
| 700 |
1 |
|
|a Αποστολάρας, Απόστολος
|
| 700 |
1 |
|
|a Θεοδωσίου, Παναγιώτης
|
| 700 |
1 |
|
|a Μήλιος, Αγαμέμνων
|
| 700 |
1 |
|
|a Τσουκάτος, Κωνσταντίνος
|
| 710 |
0 |
|
|a Παπασωτηρίου
|
| 942 |
|
|
|2 ddc
|
| 952 |
|
|
|0 0
|1 0
|2 ddc
|4 0
|6 621_382000000000000_AND
|7 0
|9 262522
|a LISK-2
|b LISK-2
|c EUD
|d 2021-01-17
|e 24
|f 0
|g 0.00
|l 0
|o 621.382 AND
|p 2430000009228
|r 2021-01-17 00:00:00
|t 1
|w 2021-01-17
|y BK15
|x 20140408 0 ΧΑΣΑΝΗ 1
|x GrPaTEI - Antirrio
|
| 952 |
|
|
|0 0
|1 0
|2 ddc
|4 0
|6 621_382000000000000_AND
|7 0
|9 262523
|a LISK-2
|b LISK-2
|c EUD
|d 2021-01-17
|e 24
|f 0
|g 0.00
|l 0
|o 621.382 AND
|p 2430000009462
|r 2021-01-17 00:00:00
|t 1
|w 2021-01-17
|y BK15
|x 20141111 0 ΧΑΣΑΝΗ 1
|x GrPaTEI - Antirrio
|
| 952 |
|
|
|0 0
|1 0
|2 ddc
|4 0
|6 621_382000000000000_AND
|7 0
|9 262524
|a LISK-2
|b LISK-2
|c EUD
|d 2021-01-17
|e 24
|f 0
|g 0.00
|l 0
|o 621.382 AND
|p 2430000009549
|r 2021-01-17 00:00:00
|t 1
|w 2021-01-17
|y BK15
|x 20150116 0 ΧΑΣΑΝΗ 1
|x GrPaTEI - Antirrio
|
| 952 |
|
|
|0 0
|1 0
|2 ddc
|4 0
|6 621_382000000000000_AND
|7 0
|9 262525
|a LISK-2
|b LISK-2
|c EUD
|d 2021-01-17
|e 24
|f 0
|g 0.00
|l 0
|o 621.382 AND
|p 2430000009680
|r 2021-01-17 00:00:00
|t 1
|w 2021-01-17
|y BK15
|x 20160404 0 ΧΑΣΑΝΗ 1
|x GrPaTEI - Antirrio
|
| 952 |
|
|
|0 0
|1 0
|2 ddc
|4 0
|6 621_382000000000000_AND
|7 0
|9 262526
|a LISK-2
|b LISK-2
|c EUD
|d 2021-01-17
|e 24
|f 0
|g 0.00
|l 0
|o 621.382 AND
|p 99243000009776
|r 2021-01-17 00:00:00
|t 1
|w 2021-01-17
|y BK15
|x GrPaTEI - Antirrio
|
| 952 |
|
|
|0 0
|1 0
|2 ddc
|4 0
|6 621_382000000000000_AND
|7 0
|9 262527
|a LISK-2
|b LISK-2
|c EUD
|d 2021-01-17
|e 24
|f 0
|g 0.00
|l 0
|o 621.382 AND
|p 99243000009777
|r 2021-01-17 00:00:00
|t 1
|w 2021-01-17
|y BK15
|x GrPaTEI - Antirrio
|
| 952 |
|
|
|0 0
|1 0
|2 ddc
|4 0
|6 621_382000000000000_AND
|7 0
|9 262528
|a LISK-2
|b LISK-2
|c EUD
|d 2021-01-17
|e 24
|f 0
|g 0.00
|l 0
|o 621.382 AND
|p 99243000009944
|r 2021-01-17 00:00:00
|t 1
|w 2021-01-17
|y BK15
|x GrPaTEI - Antirrio
|
| 971 |
|
|
|a .b25707450
|b 15-04-20
|c 12-09-16
|
| 999 |
|
|
|c 151330
|d 151330
|